01214nam a2200289Ia 4500001001200000003000800012006001900020007001500039008004100054010001700095020001500112040002100127035002100148050002300169100003500192245013800227260005300365300003000418504006400448533015200512650002500664650003700689650002600726655002900752710001700781856012600798ebr10146628CaPaEBRm u cr cn|||||||||060302s2006 maua sb 001 0 eng d z 2006923263 z1598632205 aCaPaEBRcCaPaEBR a(OCoLC)19193035814aTR678b.B53 2006eb1 aBlair, John G.,cphotographer.10aDigital boudoir photographyh[electronic resource] :ba step-by-step guide to creating fabulous images of any woman /cJohn G. Blair. aBoston, MA :bThomson Course Technology,cc2006. axvii, 276 p. :bcol. ill. aIncludes bibliographical references (p. 265-267) and index. aElectronic reproduction.bPalo Alto, Calif. :cebrary,d2009.nAvailable via World Wide Web.nAccess may be limited to ebrary affiliated libraries. 0aGlamour photography. 0aPhotographyxDigital techniques. 0aPhotography of women. 7aElectronic books.2local2 aebrary, Inc.40uhttp://site.ebrary.com/lib/rucke/Doc?id=10146628zAn electronic book accessible through the World Wide Web; click to view